[Event "GER-ch blitz (Women)"]
[Site "Magdeburg"]
[Date "2019.05.25"]
[Round "6"]
[White "Kreismann, Franziska"]
[Black "Lubbe, Melanie"]
[Result "0-1"]
[WhiteElo "1589"]
[BlackElo "2278"]
[PlyCount "78"]
[EventDate "2019.05.25"]
[EventType "tourn (blitz)"]
[EventRounds "29"]
[EventCountry "GER"]
[SourceTitle "CBM 190 Extra"]
[Source "ChessBase"]
[SourceDate "2019.07.15"]
[SourceVersion "1"]
[SourceVersionDate "2019.07.15"]
[SourceQuality "1"]

1. d4 Nf6 2. c4 g6 3. Nc3 Bg7 4. Nf3 0-0 5. Bg5 d6 6. Bxf6 Bxf6 7. e3 Bg7 8. Bd3 Nd7 9. 0-0 e5 10. dxe5 dxe5 11. Bc2 c6 12. b3 Qe7 13. Re1 e4 14. Nd4 c5 15. Nde2 f5 16. Ng3 Ne5 17. Nd5 Qf7 18. Nf4 Be6 19. h4 Rad8 20. Qe2 Nd3 21. Red1 Bxa1 22. Bxd3 exd3 23. Nxd3 Bg7 24. h5 b6 25. Re1 Rd7 26. Nf4 Rfd8 27. hxg6 hxg6 28. Qf3 Be5 29. Nfe2 Qg7 30. a4 Rd1 31. Rxd1 Rxd1+ 32. Nf1 Ra1 33. Nf4 Bxf4 34. Qxf4 Qd7 35. Qb8+ Kf7 36. Qg3 Qd1 37. Kh2 Qh5+ 38. Kg1 Rxf1+ 39. Kxf1 Qd1# 0-1

[Event "GER-ch blitz (Women)"]
[Site "Magdeburg"]
[Date "2019.05.25"]
[Round "21"]
[White "Kreismann, Franziska"]
[Black "Muetsch, Annmarie"]
[Result "0-1"]
[WhiteElo "1589"]
[BlackElo "2266"]
[PlyCount "54"]
[EventDate "2019.05.25"]
[EventType "tourn (blitz)"]
[EventRounds "29"]
[EventCountry "GER"]
[SourceTitle "CBM 190 Extra"]
[Source "ChessBase"]
[SourceDate "2019.07.15"]
[SourceVersion "1"]
[SourceVersionDate "2019.07.15"]
[SourceQuality "1"]

1. d4 Nf6 2. c4 g6 3. Nc3 Bg7 4. Nf3 0-0 5. e3 d6 6. Bd3 Nbd7 7. 0-0 c5 8. d5 a6 9. b3 Ne8 10. Bb2 Nc7 11. Qc2 Rb8 12. Rab1 b5 13. Ne4 h6 14. Bxg7 Kxg7 15. Ng3 Nf6 16. Rfe1 e6 17. Re2 exd5 18. cxd5 Ncxd5 19. Rbe1 Nb4 20. Qb1 Nxd3 21. Qxd3 d5 22. Ne5 Qd6 23. f4 Bb7 24. h4 Rbd8 25. h5 Ne4 26. Nxe4 dxe4 27. Qxd6 Rxd6 0-1

[Event "GER-ch blitz (Women)"]
[Site "Magdeburg"]
[Date "2019.05.25"]
[Round "7"]
[White "Ries, Jutta"]
[Black "Kreismann, Franziska"]
[Result "1-0"]
[WhiteElo "2017"]
[BlackElo "1589"]
[PlyCount "23"]
[EventDate "2019.05.25"]
[EventType "tourn (blitz)"]
[EventRounds "29"]
[EventCountry "GER"]
[SourceTitle "CBM 190 Extra"]
[Source "ChessBase"]
[SourceDate "2019.07.15"]
[SourceVersion "1"]
[SourceVersionDate "2019.07.15"]
[SourceQuality "1"]

1. f4 c6 2. Nf3 d5 3. b3 Bf5 4. Bb2 Nf6 5. e3 e6 6. Be2 Bc5 7. 0-0 0-0 8. Nh4 h5 9. Nxf5 exf5 10. Bxh5 Nxh5 11. Qxh5 g6 12. Qh8# 1-0

[Event "GER-ch blitz (Women)"]
[Site "Magdeburg"]
[Date "2019.05.25"]
[Round "9"]
[White "Schulze, Lara"]
[Black "Kreismann, Franziska"]
[Result "1-0"]
[WhiteElo "2160"]
[BlackElo "1589"]
[PlyCount "66"]
[EventDate "2019.05.25"]
[EventType "tourn (blitz)"]
[EventRounds "29"]
[EventCountry "GER"]
[SourceTitle "CBM 190 Extra"]
[Source "ChessBase"]
[SourceDate "2019.07.15"]
[SourceVersion "1"]
[SourceVersionDate "2019.07.15"]
[SourceQuality "1"]

1. e4 c6 2. d4 d5 3. e5 Bf5 4. Nd2 e6 5. Nb3 Nd7 6. Nf3 Bb4+ 7. c3 Ba5 8. Be2 Bc7 9. 0-0 Ne7 10. Ne1 Ng6 11. g4 Bxg4 12. Bxg4 Qh4 13. Ng2 Qe7 14. f4 0-0-0 15. a4 a6 16. Nd2 c5 17. Nf3 h6 18. Be3 c4 19. b3 Nb6 20. a5 Nd7 21. bxc4 dxc4 22. Nd2 h5 23. Bf3 Nh4 24. Nxh4 Qxh4 25. Qe1 Qe7 26. Rb1 Nb8 27. Bxb7+ Kd7 28. Nxc4 g5 29. fxg5 Rhg8 30. h4 Nc6 31. Bxc6+ Kxc6 32. Qf2 Rd5 33. Qxf7 Qd7 1-0